| 000 | 00451nam a2200157 i 4500 | ||
|---|---|---|---|
| 001 | 185688 | ||
| 003 | ES-MaACL | ||
| 005 | 20251017063115.0 | ||
| 008 | 160803s1882 cc |||| | eng d | ||
| 100 | 1 |
_aToda, Eduardo, _d1852-1941 _9133280 |
|
| 245 | 1 | 0 |
_aAnnam and its minor currency / _cby Ed. Toda. |
| 260 |
_aShangai : _bNoronha & Sons, _c1882. |
||
| 300 |
_a261 p. ; _c24 cm. |
||
| 852 |
_aES-MaACL _jG-11427 |
||
| 999 |
_c185688 _d185688 |
||